| 000 | 00827nam a22002057a 4500 | ||
|---|---|---|---|
| 005 | 20210325173759.0 | ||
| 008 | s2527 th tha d | ||
| 041 | _atha | ||
| 050 | _aHF1007 ว58ศ | ||
| 100 | 0 | _aวันรักษ์ มิ่งมณีนาคิน | |
| 245 | 1 | 0 | _aเศรษฐศาสตร์ระหว่างประเทศ / วันรักษ์ มิ่งมณีนาคิน [4th] |
| 260 | 3 |
_aกรุงเทพฯ : _bมหาวิทยาลัยธรรมศาสตร์, _c2527 |
|
| 300 | _a234 หน้า | ||
| 650 | 0 | 4 | _aการค้าระหว่างประเทศ |
| 650 | 0 | 4 | _aไทย -- ภาวะเศรษฐกิจ |
| 850 | _aNALT | ||
| 942 | _cGB | ||
| 997 | _c000000000002288 | ||
| 998 | _aNarumon Suwan | ||
| 999 |
_c2288 _d2288 |
||